000 00705nam a2200289Ia 4500
005 20260324120633.0
008 008 260324s9999 xx 000 0 eng d
020 _a9781315127880
037 _aEBOOK
040 _aCRL
040 _beng
040 _cCRL
041 _2eng
041 _aeng
084 _qCRL
100 _aWilson R. Palacios; Jody Miller
_91159367
245 0 _aQualitative Research in Criminology
245 0 _bAdvances in Criminological Theory
260 _bTaylor and Francis
260 _c2015
365 _a
365 _b230
856 _uhttp://www.taylorfrancis.com/books/9781315127880
942 _cEBOOK
999 _c1751000
_d1751000